01132nam a2200277Ia 450000500170000000800410001702000180005804000350007604100080011108200190011910000400013824500930017825000230027126400380029430000620033233600270039433700330042133800280045449000830048250000470056552100400061260000720065265000500072465000410077465000390081520220317001950.0200115s2019 ck 000 0 spa d a9789586655873 aCO-BoRNBPbspaerdacCO-BoRNBP0 aspa04a791.4375bR27g1 aRestrepo Sánchez, Gonzaloeautor 10aGabriel García Márquez y el cine b¿una buena amistad? cGonzalo Restrepo Sánchez aEdición especial 1aBogotá bSiglo del Hombrec2019 a172 páginas :bfotografías en blanco y negro ;c22 cm 2rdacontentatextobtxt 2rdamediaasin mediaciónbn 2rdacarrieravolumenbnc0 aPlan Nacional de Lectura y Escritura Leer es mi Cuento / Ministerio de Cultura aIncluye bibliografía la final del texto  aRecomendado para público adulto. 14aGarcia Marquez, Gabriel, d1927 - 2014xCritica e interpretación17aGuiones cinematográficos 2LEMBzColombia 17aCine y literatura 2LEMBzColombia 17aCritica de cine 2LEMBzColombia